000 00969nac a22002651i 4500
003 EG-ScBUE
005 20260121092924.0
008 091223r20072006ne a f b 00010 eengdd
020 _a9780444515681 (acid-free paper)
040 _aEG-ScBUE
_beng
_erda
_cEG-ScBUE
_dEG-ScBUE
082 0 4 _a551.7
_bCAT
_222
100 1 _aCatuneanu, Octavian,
_eauthor.
_910114
245 1 0 _aPrinciples of Sequence Stratigraphy /
_cOctavian Catuneanu.
250 _aReprinted edition.
264 1 _aAmsterdam :
_bElsevier,
_c2007.
300 _aix, 375 pages :
_billustrations (some color) ;
_c29 cm
336 _2rdacontent
_atext
_btxt
337 _aunmediated
_2rdamedia
_bn
338 _avolume
_bnc
_2rdacarrier
504 _aIncludes bibliographical references and index.
650 7 _aSequence stratigraphy.
_2BUEsh
_910116
655 _vReading book
856 4 2 _3Publisher description
_uhttp://www.loc.gov/catdir/enhancements/fy0629/2006042525-d.html
942 _cBB
_2ddc
999 _c5700
_d5700